Inzhenerno-stroitelʹnyĭ zhurnal

Инженерно-строительный журнал.
Bibliographic Details
Corporate Author: Sankt-Peterburgskiĭ gosudarstvennyĭ politekhnicheskiĭ universitet. Inzhenerno-stroitelʹnyĭ fakultet
Format: Electronic Serial
Language:Russian
English
Published: Sankt-Peterburg : Sankt-Peterburgskiĭ gosudarstvennyĭ politekhnicheskiĭ universitet, Inzhenerno-stroitelʹnyĭ fakultet
Subjects:
Online Access:Full text available from Research Library: 09/01/2012 to 12/31/2015

MARC

LEADER 00000nas a2200000 a 4500
001 ssj0000684791
003 WaSeSS
005 20200512172242.0
006 m d
007 cr n
008 110601c20089999ru uu s 0 0rus c
010 |a  2012256042 
022 |a 2071-4726 
035 |a (WaSeSS)ssj0000684791 
040 |a AU@  |b eng  |c AU@  |d OCLCQ  |d RBN  |d OCLCO  |d IUL  |d OCLCO  |d OCLCQ  |d CUS  |d OCLCF  |d CUS  |d OCLCO  |d OCLCQ  |d WaSeSS 
041 0 |a rus  |a eng 
042 |a pcc 
050 1 4 |a TA1 
210 0 |a Inž.-stroit. ž.  |b (Online) 
222 0 |a Inženerno-stroitelʹnyj žurnal  |b (Online) 
245 0 0 |6 880-01  |a Inzhenerno-stroitelʹnyĭ zhurnal  |h [electronic resource]. 
246 1 |a Magazine of civil engineering 
260 |6 880-02  |a Sankt-Peterburg :  |b Sankt-Peterburgskiĭ gosudarstvennyĭ politekhnicheskiĭ universitet, Inzhenerno-stroitelʹnyĭ fakultet 
362 1 |a Began with no. 1 (2008). 
506 |a License restrictions may limit access. 
546 |a Russian or English. 
588 |a Description based on: No. 1 (2008), viewed Mar. 16, 2012; title from caption on pdf. 
588 |a Latest issue consulted: No. 8 (2011), viewed Mar. 16, 2012. 
650 0 |a Civil engineering  |v Periodicals. 
650 7 |a Civil engineering.  |2 fast  |0 (OCoLC)fst00862488 
655 0 |a Electronic journals. 
710 2 |6 880-03  |a Sankt-Peterburgskiĭ gosudarstvennyĭ politekhnicheskiĭ universitet.  |b Inzhenerno-stroitelʹnyĭ fakultet. 
856 4 0 |z Full text available from Research Library: 09/01/2012 to 12/31/2015  |u https://search.proquest.com/publication/2026625 
880 0 0 |6 245-01/(N  |a Инженерно-строительный журнал. 
880 |6 260-02/(N  |a Санкт-Петербург :  |b Санкт-Петербургский государственный политехнический университет, Инженерно-строительный факултет 
880 2 |6 710-03/(N  |a Санкт-Петербургский государственный политехнический университет.  |b Инженерно-строительный факултет.